Southville International School and Colleges
Your cart is empty.
  • Cart
  • Lists
    Public lists Eva Luna New books Lux_list list_1
    Your lists Log in to create your own lists
  • Log in to your account
  • Your cookies
  • Search history
Southville International School and Colleges
  • Advanced search
  • Recent comments
  • Most popular
  • Libraries

Log in to your account

Log in with GOOGLE


If you do not have an external account, but do have a local account, you can still log in:

  1. Home
  2. MARC view: A portfolio on investigations in chemistry :
Normal view MARC view ISBD view

A portfolio on investigations in chemistry : (Record no. 3026)

[ view plain ]
MARC details
000 -LEADER
fixed length control field 00571nam a22001937a 4500
003 - CONTROL NUMBER IDENTIFIER
control field OSt
005 - DATE AND TIME OF LATEST TRANSACTION
control field 20151216101333.0
008 - FIXED-LENGTH DATA ELEMENTS--GENERAL INFORMATION
fixed length control field 130622t xxu||||| |||| 00| 0 eng d
020 ## - INTERNATIONAL STANDARD BOOK NUMBER
International Standard Book Number 0958568650
050 ## - LIBRARY OF CONGRESS CALL NUMBER
Classification number QD 33.2
Item number .G795 2003
082 ## - DEWEY DECIMAL CLASSIFICATION NUMBER
Classification number IB 540.78
Item number G82 2003
100 ## - MAIN ENTRY--PERSONAL NAME
Personal name Green, John
245 ## - TITLE STATEMENT
Title A portfolio on investigations in chemistry :
Remainder of title student workbook (revised 2003) /
Statement of responsibility, etc John Green ; series editor David Greig.
260 ## - PUBLICATION, DISTRIBUTION, ETC. (IMPRINT)
Place of publication, distribution, etc Australia :
Name of publisher, distributor, etc IBID Press,
Date of publication, distribution, etc c2003.
300 ## - PHYSICAL DESCRIPTION
Extent 122 p. :
Dimensions 30 cm.
562 ## - COPY AND VERSION IDENTIFICATION NOTE
Number of copies 1
942 ## - ADDED ENTRY ELEMENTS (KOHA)
Source of classification or shelving scheme Library of Congress Classification
Koha item type Books
Holdings
Withdrawn status Lost status Source of classification or shelving scheme Damaged status Home library Current library Shelving location Date acquired Total Checkouts Full call number Barcode Date last seen Copy number Price effective from Koha item type
    Library of Congress Classification   Luxembourg Library Luxembourg Library International Baccalaureate Section 06/22/2013   QD 33.2 .G795 2003 14414 08/13/2013 1 06/22/2013 Books

A portfolio on investigations in chemistry :

APA

Green J., . (2003). A portfolio on investigations in chemistry. Australia: IBID Press.

Chicago

Green John, . 2003. A portfolio on investigations in chemistry. Australia: IBID Press.

Harvard

Green J., . (2003). A portfolio on investigations in chemistry. Australia: IBID Press.

MLA

Green John, . A portfolio on investigations in chemistry. Australia: IBID Press. 2003.

  • Place hold
  • Print
  • Cite
  • Add to your cart (remove)
  • Save record
    BIBTEX Dublin Core MARCXML MARC (non-Unicode/MARC-8) MARC (Unicode/UTF-8) MARC (Unicode/UTF-8, Standard) MODS (XML) RIS
  • More searches
    Search for this title in:
    Other Libraries (WorldCat) Other Databases (Google Scholar) Online Stores (Bookfinder.com) Open Library (openlibrary.org)

Exporting to Dublin Core...

SOUTHVILLE LIBRARY

Southville International School and Colleges Library

1281 Tropical Ave. Cor. Luxembourg St., BF Homes International, Las Pinas City

Tel. No. 8256374 / 252358 Loc. 117/146

Powered by Koha